00345nam a22001337a 4500003000400000008004100004020001800045082001600063100002000079245004900099250001100148260004400159300000800203OSt240502b |||||||| |||| 00| 0 eng d a9789395161800 a620.001 RAE aRAO,S Singiresu aEngineering optimization Theory and Practice a4th Ed aNew DelhibNew Age Internationalc 2023 a760